Schumpeter on the Economics of Innovation and the Development of Capitalism : (Record no. 612886)

MARC details
000 -LEADER
fixed length control field 00571nam a2200193 a 4500
008 - FIXED-LENGTH DATA ELEMENTS--GENERAL INFORMATION
fixed length control field 260217s2006##################000#0#eng##
020 ## - INTERNATIONAL STANDARD BOOK NUMBER
ISBN 9781845424459
082 04 - DEWEY DECIMAL CLASSIFICATION NUMBER
Classification number 330.122
Item number HEE
100 1# - MAIN ENTRY--AUTHOR NAME
Personal name Heertje, Arnold,
245 10 - TITLE STATEMENT
Title Schumpeter on the Economics of Innovation and the Development of Capitalism :
260 ## - PUBLICATION, DISTRIBUTION, ETC. (IMPRINT)
Name of publisher Edward Elgar Publishing,
Year of publication 2006.
300 ## - PHYSICAL DESCRIPTION
Number of Pages 168 pages
650 #0 - SUBJECT ADDED ENTRY--TOPICAL TERM
Topical Term Biography & Autobiography.
942 ## - ADDED ENTRY ELEMENTS (KOHA)
Koha item type English Books
Holdings
Withdrawn status Lost status Damaged status Not for loan Home library Current library Shelving location Date acquired Full call number Accession Number Price effective from Koha item type
        Anna Centenary Library Anna Centenary Library 4TH FLOOR, A WING 17.02.2026 330.122 HEE 342915 17.02.2026 English Books

Find us on the map